|
|
|
|
| LEADER |
00000nam0a2200000 4500 |
| 001 |
160339 |
| 005 |
20231101222200.0 |
| 035 |
|
|
|a (RuTPU)RU\TPU\book\173875
|
| 090 |
|
|
|a 160339
|
| 100 |
|
|
|a 20090521e1990 m y0rusy50 ca
|
| 101 |
0 |
|
|a rus
|
| 102 |
|
|
|a RU
|
| 105 |
|
|
|a a z 000zy
|
| 200 |
1 |
|
|a Человек и нечистая сила
|e культурно-исторический очерк
|f Н. Андреев
|
| 205 |
|
|
|a Репр. изд.
|
| 210 |
|
|
|a Москва
|c Ред Лайн Москва
|d 1990
|
| 215 |
|
|
|a 48 с.
|c 13 рис.
|d 20,5 см.
|
| 300 |
|
|
|a Репринтное воспроизведение издания 1914 г., вышедшее в серии "Общедоступная библиотека", кн. 3-я.
|
| 606 |
|
|
|a Суеверия и предрассудки
|2 stltpush
|3 (RuTPU)RU\TPU\subj\58250
|9 76057
|
| 606 |
|
|
|a Редкие книги
|2 stltpush
|3 (RuTPU)RU\TPU\subj\67540
|9 83297
|
| 610 |
1 |
|
|a вера
|
| 610 |
1 |
|
|a религия
|
| 610 |
1 |
|
|a книгоиздательство "Жизнь и знание"
|
| 686 |
|
|
|a Э210.23
|v LBC/SL-A
|2 rubbk
|
| 686 |
|
|
|a Ч611.68
|v LBC/SL-A
|2 rubbk
|
| 700 |
|
1 |
|a Андреев
|b Н.
|g Ник
|
| 801 |
|
1 |
|a RU
|b 63413507
|c 20090521
|g PSBO
|
| 801 |
|
2 |
|a RU
|b 63413507
|c 20171006
|g PSBO
|
| 942 |
|
|
|c BK
|